| 000 | 00653nam a2200193Ia 4500 | ||
|---|---|---|---|
| 008 | 150610s9999 xx 000 0 und d | ||
| 020 | _a043965548X | ||
| 050 |
_aPZ7 _b.R797p 1999 |
||
| 100 | _aRowling, J.K. | ||
| 245 |
_aHarry Potter and the prisoner of Azkaban / _cJ.K. Rowling. |
||
| 260 |
_aNew York : _bScholastic Inc., _c1999. |
||
| 300 |
_a547pages ; _c18 cm. |
||
| 504 | _aSequel to: Harry Potter and the Chamber of secrets | ||
| 520 | _aJuvenile fiction. | ||
| 650 |
_aHogwarts school of witchcraft and wizardry (Imaginary place) _xFiction. |
||
| 650 |
_aMagic _xFiction. |
||
| 650 |
_aSchools _bFiction |
||
| 650 |
_aWizards _bFiction. |
||
| 999 |
_c287901 _d287901 |
||